Random French Words #3 - Statistics

General Stats
  • This quiz has been taken 1,022 times
  • The average score is 20 of 24
Answer Stats
French English % Correct
Amour Love
98%
Bleu Blue
96%
Pomme Apple
95%
Lundi Monday
95%
Nuit Night
94%
Vie Life
93%
Soleil Sun
93%
Frère Brother
92%
Heure Hour
92%
Livre Book
89%
Lumière Light
89%
Voiture Car
88%
Miroir Mirror
88%
Mais But
86%
Semaine Week
85%
Triste Sad
78%
Robe Dress
77%
Jamais Never
77%
Faim Hunger
73%
Rien Nothing
71%
Vite Fast
64%
Jambe Leg
61%
Horloge Clock
54%
Pull Sweater
40%
No matching quizzes found
Score Distribution
Percent of People with Each Score
Percentile by Number Answered
Your Score History
You have not taken this quiz